000
00279nam a2200121Ia 4500
008
170620s9999 xx 000 0 und d
100
_a
WILSON -WALKER
245
0
_a
PRACTICAL BIOCHEMISTRY
260
_b
CAMBRIDGE
260
_c
2005
300
_a
784
546
_a
English
690
_a
PRACTICAL BIOCHEMISTRY
999
_c
30621
_d
30621